Responses for Show #4715 - Friday, February 18, 2005

2005 Ultimate Tournament of Champions Round 1, game 8.

Contestants

[<< previous game]

Dan Melia, a college professor from Berkeley, California

Jeremy Bate, an emergency medical technician and writer from Tujunga, California

Brian Wangsgard, from Salt Lake City, Utah

[next game >>]

Jeopardy! Round responses

MEDICINE
1970s ALBUM COVERS
COMMON BONDS
SEARCH DOG FOUNDATION
U.S. PLACE NAMES
IT'S BEEN A "GAS"
    $200 14
breast cancer

Dan
    $200 3
Saturday Night Fever

Dan
    $200 2
three

Jeremy
    $200 24
Oklahoma City

Jeremy
    $200 1
Portland

Dan
    $200 9
Andre Agassi

Jeremy
    $400 16
Vioxx

Dan
    $400 10
Some Girls

Jeremy
    $400 4
things with strings

Brian
    $400 25
(Jeremy: What is his owner?)

human (scent)

JeremyDan
    $400 5
Santa Fe

Dan
    $400 15
(Dan: What is aghast?)

flabbergasted

JeremyDan
    $600 18
(Jeremy: What is psoriasis?)

eczema

Jeremy
Triple Stumper
    $600 11
(Alex: Pink Floyd, yeah.)

Dark Side of the Moon

Jeremy
    $600 17
monkeys

Jeremy
    $600 26
California

Brian
    $600 6
Spokane

Brian
    $600 23
(Dan: What's an eagle?)
...
(Alex: Remember, "gas" has to come up in the response.)

Pegasus

JeremyDan
    $800 19
(Dan: What's New Zealand?)
(Jeremy: What's South Africa?)
...
(Alex: Dan was closer. Sorry, Brian, not, uh, quickly enough. What's [*]? They're out in the sun a lot.)

Australia

JeremyDan
Triple Stumper
    $800 12
Band on the Run

Jeremy
    $800 21
Lords

Brian
    $800 29
(Jeremy: What is the American Red Cross?)
(Brian: What is the Transportation Safety Administration?)
...
(Alex: You've heard it many, many times. What is [*]? [*].)

FEMA

BrianJeremy
Triple Stumper
    $800 7
Spot

Triple Stumper
    $800 27
Madagascar

Brian
    $1000 20
opportunistic

Jeremy
    $1000 13
52nd Street

Triple Stumper
    $1000 22
(Alex: ...unless you pronounce it "puh-monia".)

words with a silent "P"

Triple Stumper
    $1000 30
(Dan: What are olfactory cells?)

olfactory receptor cells

JeremyDan
    $1,000 8
(Brian: I went five times with never saying it; today it's it; True Daily Double.)

King of Prussia

Brian
    $1000 28
No, Gaston, after you ("After you, Gaston" accepted)

Dan

Scores at the first commercial break (after clue 14):

Brian Jeremy Dan
$2,000 $2,200 $1,000

Scores at the end of the Jeopardy! Round:

Brian Jeremy Dan
$3,400 $3,400 $0

Double Jeopardy! Round responses

THE OTTOMAN EMPIRE
POSSESSIVE MOVIES
HIDDEN BOOKS OF THE BIBLE
(Alex: Each correct response will be made up of consecutive letters of words you will find in the clue.)
19th CENTURY QUOTES
MAC
P.C.
    $400 6
Istanbul

Jeremy
    $400 7
Gentleman's

Jeremy
    $400 14
Hebrews (in she brews)

Brian
    $400 1
Teddy Roosevelt

Dan
    $400 19
the Transcontinental Railroad (a railroad accepted)

Jeremy
    $400 24
Prince Charming

Dan
    $800 9
Yemen

Jeremy
    $800 8
Carlito's

Dan
    $800 15
Luke (in Lulu kept)

Jeremy
    $800 2
Go west, young man

Dan
    $800 20
Shoe

Dan
    $800 25
the Peace Corps

Dan
    $1200 11
the Sick Man of Europe

Dan
    $1200 10
(Brian: What is Ryan's Express?)

Von Ryan's

BrianDan
    $1200 18
James (in jam especially)

Dan
    $1200 3
"You will, Oscar, you will"

Dan
    $1200 21
Librarian of Congress (head of the Library of Congress accepted)

Brian
    $1200 26
Piccadilly Circus

Dan
    $1600 12
Ataturk

Dan
    $1600 16
Kelly's

Jeremy
    $1600 29
(Brian: [No response])
(Alex: Hurry, hurry! ...Oh, too much time.)

Amos (in a most)

Brian
Triple Stumper
    $1,400 4
Boss Tweed

Dan
    $4,200 22
(Brian: Uh, like a good resident of Salt Lake City, $4200.)
[Laughter]
...
(Alex: Give me something.)
(Brian: I can't give you anything.)
(Alex: What is [*]? Remember, Donald MacLean was the British spy.)

Moscow

Brian
    $1600 27
Panama City

Triple Stumper
    $2000 13
Barbarossa (Redbeard)

Triple Stumper
    $2000 17
Lorenzo's

Brian
    $2000 30
Esther (in Yes there)

Triple Stumper
    $2000 5
the bourgeoisie

Dan
    $2000 23
the Hebrides

Dan
    $2000 28
Paul Cezanne

Jeremy

Scores at the end of the Double Jeopardy! Round:

Brian Jeremy Dan
$0 $9,800 $17,000

[wagering suggestions for these scores]

Final Jeopardy! Round responses

WORDPLAY
JeremyWhat DIVID
$9,800
DanWhat is CIVIL?
$2,601
civil

Final scores:

Brian Jeremy Dan
$0 $0 $19,601
3rd place: $5,000 2nd place: $5,000 Winner: $19,601 + an advance to UToC Round 2

Game dynamics:

Coryat scores:

Brian Jeremy Dan
$4,200 $9,800 $17,200
9 R
(including 1 DD),
4 W
(including 1 DD)
18 R,
4 W
22 R
(including 1 DD),
4 W

Combined Coryat: $31,200

[game clues] [game scores] [suggest correction]

Game tape date: 2005-02-01
The J! Archive is created by fans, for fans. Scraping, republication, monetization, and malicious use prohibited; this site may use cookies and collect identifying information. See terms. The Jeopardy! game show and all elements thereof, including but not limited to copyright and trademark thereto, are the property of Jeopardy Productions, Inc. and are protected under law. This website is not affiliated with, sponsored by, or operated by Jeopardy Productions, Inc. Join the discussion at JBoard.tv.